000 00678nam a2200229Ia 4500
003 OSt
005 20220916111030.0
006 a|||||r|||| 00| 0
007 ta
008 220915b |||||||| |||| 00| 0 eng d
024 _a123877
037 _cTextbook
040 _beng
_aARTS
_cARTS
041 _aeng
082 _aV63:4:N0, D6 (906)
110 _aGreat General Staff, Historical Section (Germany)
245 0 _aWar in South Africa : the advance to pretoria after paardeberg, the Upper Tugela Campaign, etc,..... tr by Hubert Du Cane
260 _c1906
650 _aHISTORY
942 _hV63:4:N0, D6 (906)
_cTB
_2CC
999 _c103935
_d103935